| 000 | 00470cam a2200205 4500 | ||
|---|---|---|---|
| 001 | D8622 | ||
| 008 | 090401t1971 xxu||||| |||| 00| 0 eng d | ||
| 035 | _a(Sirsi) u14191 | ||
| 041 | _aeng | ||
| 050 | _a624.05 | ||
| 100 | _aSeeley, Ivor Hugh | ||
| 245 | _aCivil engineering quantities | ||
| 250 | _aSI | ||
| 260 |
_aLondon _bMacMillan _c1971 |
||
| 300 | _ax. 341p. illus | ||
| 350 | _a3.25 | ||
| 520 | _aReserve shelf 300. | ||
| 942 | _n0 | ||
| 948 | _c04/03/1997 | ||
| 999 |
_c87157 _d87157 |
||